| 000 | 00731nam a2200181Ia 4500 | ||
|---|---|---|---|
| 008 | 090630s9999 xx 000 0 und d | ||
| 082 | _b14937 | ||
| 100 | _aमोकाशी व. शा. | ||
| 245 |
_aअभियांत्रकिी भाग 1. _cमोकाशी व. शा. |
||
| 260 |
_bमहाराष्ट्र विद्यापीठ ग्रंथनिर्मिती मंडळ - नागपूर. _c1975 |
||
| 300 | _a526 | ||
| 600 | _aमोकाशी व. शा. | ||
| 630 | _aअभियांत्रकिी भाग 1. | ||
| 655 | _aइतर. | ||
| 700 | _aमोकाशी व. शा. | ||
| 730 | _aअभियांत्रकिी भाग 1. | ||
| 942 | _cBOOK | ||
| 999 |
_c266793 _d266793 |
||